| 000 | 00681cam a22002531 4500 | ||
|---|---|---|---|
| 001 | sa 66004320 | ||
| 003 | DLC | ||
| 005 | 20260227112241.0 | ||
| 008 | 890420s1965 xx 000 0 hinr | ||
| 010 | _asa 66004320 | ||
| 035 | _a(OCoLC)23546269 | ||
| 040 |
_aDLC _cMiU _dDLC |
||
| 042 | _apremarc | ||
| 043 | _aa-ii--- | ||
| 050 | 0 | 0 |
_aHC435 _b.M545 |
| 100 | 1 | _aMittala, S. C. | |
| 245 | 1 | 0 | _aBhārat kā ārthika vikāsa. |
| 260 |
_a[n.p. _c1966,i. e.1965] |
||
| 300 |
_a1 v. (various pagings) _c22 cm. |
||
| 500 | _aRomanized. | ||
| 650 | 0 |
_aAgriculture _xEconomic aspects _zIndia. |
|
| 651 | 0 |
_aIndia _xEconomic conditions |
|
| 740 | 0 | _aEconomic developments of India. | |
| 999 |
_c69349 _d69349 |
||